[Event "4NCL 2023-24"]
[Site "England ENG"]
[Date "2023.11.12"]
[Round "2.2"]
[Board "8"]
[White "Steil-Antoni, Fiona"]
[Black "Ciocan, Maria-Alexandra"]
[Result "1-0"]
[WhiteTitle "WIM"]
[WhiteElo "2154"]
[BlackElo "1978"]
[WhiteTeam "Cheddleton"]
[BlackTeam "Chessable White Rose 1"]
[WhiteFideId "4001249"]
[BlackFideId "1227130"]
[EventDate "2023.11.11"]

1. e4 e6 2. d4 d5 3. Bd3 dxe4 4. Bxe4 Nf6 5. Bf3 c5 6. Ne2 Be7 7. Be3 cxd4 8.
Qxd4 O-O 9. Nbc3 Qa5 10. O-O-O Nc6 11. Bxc6 bxc6 12. Qa4 Qc7 13. Ne4 Nxe4 14.
Qxe4 Ba6 15. Nd4 c5 16. Nxe6 Qb6 17. Nxf8 Bf6 18. Qxh7+ Kxf8 19. Qh8+ Ke7 20.
Bxc5+ Qxc5 21. Rhe1+ 1-0

[Event "4NCL 2023-24"]
[Site "England ENG"]
[Date "2023.11.12"]
[Round "2.3"]
[Board "1"]
[White "Kilpatrick, Callum"]
[Black "Wadsworth, Matthew J"]
[Result "1/2-1/2"]
[WhiteTitle "IM"]
[BlackTitle "IM"]
[WhiteElo "2385"]
[BlackElo "2450"]
[WhiteTeam "Celtic Tigers 1"]
[BlackTeam "Wood Green"]
[WhiteFideId "414425"]
[BlackFideId "415804"]
[EventDate "2023.11.11"]

1. e4 c6 2. Nf3 d5 3. Nc3 Bg4 4. h3 Bxf3 5. Qxf3 e6 6. Be2 Bc5 7. O-O Nd7 8. Qg3
Bd4 9. exd5 exd5 10. Bd1 Ne7 11. Ne2 Be5 12. Qf3 d4 13. c3 O-O 14. cxd4 Bf6 15.
d3 Nb6 16. Be3 a5 17. Bb3 a4 18. Bc4 a3 19. bxa3 Ned5 20. Rab1 Re8 21. Bxd5 Nxd5
22. Rxb7 Rxa3 23. Nf4 Rxa2 24. Nxd5 cxd5 25. Rc1 Qd6 26. g3 Qe6 27. h4 h6 28.
Rb5 Rd8 29. Kg2 Re8 30. Kg1 Rd8 31. Rcb1 Ra6 32. Kg2 Rc6 33. Rb7 Re8 34. R1b5
Rd8 35. Ra7 Rcd6 36. Rbb7 R6d7 37. Rxd7 Rxd7 38. Rxd7 Qxd7 39. Bxh6 Bxd4 40. Be3
Bf6 41. Qf4 d4 42. Bd2 Qb5 43. Qe4 g6 44. Bf4 Qc5 45. g4 Bxh4 46. Be5 Qe7 47.
Qxd4 Qb7+ 48. f3 Qe7 49. Kh3 Bf2 50. Qb2 f6 51. Qxf2 fxe5 52. Qb6 Qg5 53. Qb8+
Kf7 54. Qb7+ Kf6 55. Qc6+ Kg7 56. Qe4 Kf7 57. Kg3 Kg7 58. Qb7+ Kg8 59. Qe4 Kg7
60. f4 exf4+ 61. Qxf4 Qc5 62. g5 Qg1+ 63. Kf3 Qf1+ 64. Ke4 Qe2+ 65. Kd4 Qb2+ 66.
Ke4 Qe2+ 67. Kd5 Qa2+ 68. Kd6 Qa6+ 69. Kd5 Qa2+ 70. Kd4 Qa1+ 71. Ke4 Qe1+ 72.
Qe3 Qh1+ 73. Ke5 Qh2+ 74. Kd5 Qa2+ 75. Kc6 Qa4+ 76. Kd6 Qa6+ 77. Ke5 Qb5+ 78.
Kf4 Qf5+ 79. Kg3 Kh7 80. d4 Kg8 81. Qe8+ Kh7 82. Qe7+ Kg8 83. Qe8+ Kh7 84. Qe5
Qf1 85. d5 Qg1+ 86. Kf3 Qf1+ 87. Kg4 Qg2+ 88. Kh4 Qh1+ 89. Kg3 Qg1+ 90. Kf3 Qf1+
91. Ke4 Qe2+ 92. Kd4 Qb2+ 93. Ke4 Qe2+ 94. Kd4 Qb2+ 1/2-1/2

[Event "4NCL 2023-24"]
[Site "England ENG"]
[Date "2023.11.12"]
[Round "2.3"]
[Board "2"]
[White "Harvey, Marcus R"]
[Black "Gallana, Marco"]
[Result "1-0"]
[WhiteTitle "IM"]
[WhiteElo "2468"]
[BlackElo "2258"]
[WhiteTeam "Wood Green"]
[BlackTeam "Celtic Tigers 1"]
[WhiteFideId "400092"]
[BlackFideId "824542"]
[EventDate "2023.11.11"]

1. Nf3 Nf6 2. b3 g6 3. Bb2 Bg7 4. g3 c5 5. c4 O-O 6. Bg2 d5 7. cxd5 Qxd5 8. Nc3
Qf5 9. Rc1 Rd8 10. Na4 Na6 11. Nh4 Qh5 12. O-O Rb8 13. e4 Bg4 14. f3 Be6 15. e5
Nd5 16. f4 Qxd1 17. Rfxd1 b6 18. Bf1 Bg4 19. Bxa6 Nb4 20. Bb5 Nxa2 21. Ra1 Bxd1
22. Rxd1 Nb4 23. Nf3 Nd3 24. Ba1 h6 25. Kf1 e6 26. h4 Bf8 27. Nc3 Be7 28. Ne4
Nb4 29. Be2 Rb7 30. Bc3 Nd5 31. Bb2 Rbd7 32. Ra1 Nb4 33. Bb5 Rc7 34. Nh2 Nd3 35.
Bc3 Kg7 36. Nd6 Nb4 37. Ne8+ Rxe8 38. Bxe8 1-0

[Event "4NCL 2023-24"]
[Site "England ENG"]
[Date "2023.11.12"]
[Round "2.3"]
[Board "3"]
[White "Zulfic, Fedja"]
[Black "Speelman, Jon S"]
[Result "0-1"]
[BlackTitle "GM"]
[WhiteElo "2100"]
[BlackElo "2500"]
[WhiteTeam "Celtic Tigers 1"]
[BlackTeam "Wood Green"]
[WhiteFideId "3208427"]
[BlackFideId "400033"]
[EventDate "2023.11.11"]

1. e4 c6 2. Nc3 d5 3. Nf3 dxe4 4. Nxe4 Nf6 5. Qe2 Nxe4 6. Qxe4 Nd7 7. d4 Nf6 8.
Qd3 Qb6 9. Be2 Bg4 10. c3 e6 11. O-O Be7 12. h3 Bf5 13. Qd1 Rd8 14. Qb3 Qc7 15.
Ne5 O-O 16. a4 c5 17. Rd1 cxd4 18. Bf4 Nd5 19. Bg3 Bd6 20. cxd4 Bc2 21. Qf3 Bxd1
22. Rxd1 f6 23. Nd3 Bxg3 24. fxg3 b6 25. Re1 Qd6 0-1

[Event "4NCL 2023-24"]
[Site "England ENG"]
[Date "2023.11.12"]
[Round "2.3"]
[Board "4"]
[White "McDonald, Neil"]
[Black "Quinn, John M"]
[Result "1/2-1/2"]
[WhiteTitle "GM"]
[WhiteElo "2407"]
[BlackElo "2075"]
[WhiteTeam "Wood Green"]
[BlackTeam "Celtic Tigers 1"]
[WhiteFideId "400629"]
[BlackFideId "405043"]
[EventDate "2023.11.11"]

1. e4 c5 2. Nf3 e6 3. b3 a6 4. Bb2 Nc6 5. g3 Qc7 6. Bg2 Nf6 7. Qe2 Be7 8. O-O
O-O 9. d4 cxd4 10. Nxd4 Nxd4 11. Bxd4 e5 12. Bb2 d6 13. c4 Bg4 14. Bf3 Bxf3 15.
Qxf3 b5 16. Na3 Qb7 17. Rfe1 Nd7 18. cxb5 axb5 19. Qe2 Rab8 20. Nc2 f5 21. exf5
Rxf5 22. Ne3 Rf3 23. Rad1 Rbf8 24. Nd5 Bd8 25. Rf1 Nc5 26. Ba3 Qa7 27. Bxc5 Qxc5
28. Kg2 Qc8 29. Rd3 Rxd3 30. Qxd3 Qa8 31. Qxb5 Qxa2 32. Qd3 Qa7 33. Qc4 Qf7 34.
b4 Kh8 35. b5 Qf3+ 36. Kg1 h5 37. Qc6 h4 38. Nc3 e4 39. Nxe4 d5 40. Nd2 Qd3 41.
Qd6 Re8 42. b6 Bxb6 43. Qxb6 Qxd2 44. Qg6 Qe2 45. g4 d4 46. Qh5+ Kg8 47. Qd5+
Kh7 48. Qf5+ Kg8 49. Ra1 d3 50. Ra7 Rf8 51. Qd5+ Kh7 52. Qh5+ Kg8 1/2-1/2

[Event "4NCL 2023-24"]
[Site "England ENG"]
[Date "2023.11.12"]
[Round "2.3"]
[Board "5"]
[White "Pedersen, Carsten"]
[Black "Murphy, Conor E"]
[Result "0-1"]
[BlackTitle "IM"]
[WhiteElo "2046"]
[BlackElo "2484"]
[WhiteTeam "Celtic Tigers 1"]
[BlackTeam "Wood Green"]
[WhiteFideId "1409760"]
[BlackFideId "421669"]
[EventDate "2023.11.11"]

1. e4 c5 2. Nc3 g6 3. g3 Bg7 4. d3 Nc6 5. Bg2 d6 6. f4 e6 7. Nf3 Nge7 8. O-O O-O
9. Be3 b6 10. Bf2 e5 11. Rb1 Nd4 12. Nxd4 cxd4 13. Ne2 Be6 14. c4 dxc3 15. Nxc3
d5 16. fxe5 Bxe5 17. d4 Bg7 18. e5 Rc8 19. Qb3 Qd7 20. Rfe1 Rfd8 21. Bf1 Nc6 22.
Ba6 Rb8 23. Qa4 Bf8 24. Be3 Na5 25. Bg5 Qxa4 26. Nxa4 Re8 27. Bb5 Rec8 28. Rbc1
h6 29. Bf4 g5 30. Bd2 Nc4 31. Bc3 h5 32. b3 Na3 33. Be2 g4 34. Ba6 Rc6 35. Bb2
Nc2 36. Bb5 Rcc8 37. Rf1 Bh6 38. Rb1 Be3+ 39. Kh1 Nxd4 40. Ba6 Rc2 41. Bd3 Rd2
42. Rbd1 Rxd1 43. Rxd1 Nf3 44. Kg2 d4 0-1

[Event "4NCL 2023-24"]
[Site "England ENG"]
[Date "2023.11.12"]
[Round "2.3"]
[Board "6"]
[White "Greet, Andrew N"]
[Black "Pein, Jonathan"]
[Result "1/2-1/2"]
[WhiteTitle "IM"]
[BlackTitle "FM"]
[WhiteElo "2408"]
[BlackElo "2235"]
[WhiteTeam "Wood Green"]
[BlackTeam "Celtic Tigers 1"]
[WhiteFideId "405817"]
[BlackFideId "417092"]
[EventDate "2023.11.11"]

1. c4 e6 2. g3 d5 3. Bg2 Nf6 4. Nf3 Be7 5. O-O O-O 6. d4 c6 7. b3 a5 8. Ba3 b5
9. Bxe7 Qxe7 10. Nbd2 Ba6 11. c5 Nbd7 12. Re1 Rfd8 13. Qc1 Ne4 14. a3 f5 15. b4
a4 16. Qb2 Rf8 17. e3 Qf7 18. Re2 Qh5 19. Nf1 g5 20. Ne1 Rae8 21. Nd3 Bc8 22. f3
Nef6 23. Rae1 g4 24. Nd2 Qg6 25. fxg4 Nxg4 26. Nf3 Qg7 27. Bh3 Ngf6 28. Nfe5
Nxe5 29. Nxe5 Qc7 30. Rf2 Re7 31. Rf4 Rg7 32. Ref1 Bd7 33. Kh1 h5 34. Bg2 Ng4
35. Nxg4 hxg4 36. e4 Re8 37. e5 Qd8 38. Kg1 Qg5 39. Kf2 Kf7 40. Rh1 Rh8 41. Kg1 1/2-1/2

[Event "4NCL 2023-24"]
[Site "England ENG"]
[Date "2023.11.12"]
[Round "2.3"]
[Board "7"]
[White "Duessler, Stefanie"]
[Black "Arakhamia-Grant, Ketevan"]
[Result "1/2-1/2"]
[BlackTitle "GM"]
[WhiteElo "2079"]
[BlackElo "2290"]
[WhiteTeam "Celtic Tigers 1"]
[BlackTeam "Wood Green"]
[WhiteFideId "4634780"]
[BlackFideId "13600168"]
[EventDate "2023.11.11"]

1. e4 c5 2. Nc3 Nc6 3. f4 e6 4. Bc4 Nge7 5. d3 d5 6. Bb3 Nd4 7. Nf3 Nxb3 8. axb3
Nc6 9. O-O Be7 10. Ne5 O-O 11. Nxc6 bxc6 12. Qf3 a5 13. Ne2 Ba6 14. Bd2 Bb5 15.
Rfd1 c4 16. bxc4 dxc4 17. dxc4 Bxc4 18. Bc3 Qb6+ 19. Kh1 Bb4 20. Bd4 c5 21. Be3
a4 22. Ng3 Qc6 23. f5 f6 24. Qf2 Rfe8 25. Nh5 Kh8 26. Qg3 Re7 27. Rd6 Qxe4 28.
Rad1 exf5 29. Rd8+ Bg8 30. Nxf6 Qc6 31. Nxg8 Re8 32. Ne7 Qe6 33. Rxa8 Rxa8 34.
Qd6 Qxd6 35. Rxd6 c4 36. Rd7 c3 37. Bd4 cxb2 38. Bxb2 a3 39. Bxa3 Bxa3 40. Nxf5
g6 41. Nd4 Bb2 42. Kg1 Ra1+ 43. Kf2 Rc1 44. Ke3 1/2-1/2

[Event "4NCL 2023-24"]
[Site "England ENG"]
[Date "2023.11.12"]
[Round "2.3"]
[Board "8"]
[White "Haydon, David L"]
[Black "Franco, Gaston"]
[Result "1/2-1/2"]
[WhiteTitle "FM"]
[WhiteElo "2241"]
[BlackElo "2021"]
[WhiteTeam "Wood Green"]
[BlackTeam "Celtic Tigers 1"]
[WhiteFideId "415405"]
[BlackFideId "117722"]
[EventDate "2023.11.11"]

1. Nf3 Nf6 2. e3 g6 3. b3 Bg7 4. Bb2 O-O 5. Be2 d6 6. c4 Nbd7 7. Qc2 e5 8. Nc3
a5 9. d4 Re8 10. dxe5 Nxe5 11. Nxe5 Rxe5 12. Bf3 Re8 13. Rd1 Bf5 14. Qd2 Qc8 15.
O-O Ne4 16. Bxe4 Bxe4 17. Ne2 b6 18. Bxg7 Kxg7 19. f3 Bb7 20. Qc3+ Kg8 21. Rd4
Qe6 22. Kf2 Re7 23. Ng3 Rae8 24. Re1 Qe5 25. h4 h5 26. a3 f5 27. Qd2 Qf6 28. b4
axb4 29. axb4 Re5 30. Qd3 Ra8 31. Re2 Kg7 32. Rf4 Rae8 33. Qd2 Qe7 34. Qd4 Kh7
35. b5 Ra8 36. Qd3 Ra5 37. e4 fxe4 38. Nxe4 Bxe4 39. Rexe4 Ra8 40. Qd5 Rf8 41.
Rxe5 dxe5 42. Rxf8 Qxf8 43. Qxe5 Qf7 44. c5 bxc5 45. Qxc5 Qd7 46. Ke3 Qd8 47.
Qe5 c5 48. bxc6 Qb6+ 49. Kf4 Qxc6 50. Kg5 Qd7 51. Kf6 Qg7+ 52. Ke6 Qb7 53. Qf6
Qc6+ 54. Kf7 Qc4+ 55. Ke8 Qa4+ 56. Kf8 Qa8+ 57. Kf7 Qa2+ 58. Qe6 Qxg2 59. f4 Qg3
60. Qe5 Qb3+ 61. Kf8 Qg8+ 62. Ke7 Qc8 63. Kf7 Qg8+ 64. Ke7 Qc8 65. Qd6 Qc4 66.
Kf6 Qc3+ 67. Qe5 Qc6+ 68. Qe6 Qc3+ 69. Qe5 Qc6+ 70. Kf7 Qc4+ 71. Ke7 1/2-1/2

[Event "4NCL 2023-24"]
[Site "England ENG"]
[Date "2023.11.12"]
[Round "2.4"]
[Board "1"]
[White "Willow, Jonah B"]
[Black "Waldhausen Gordon, Frederick"]
[Result "1-0"]
[WhiteTitle "IM"]
[BlackTitle "FM"]
[WhiteElo "2446"]
[BlackElo "2376"]
[WhiteTeam "Wood Green Youth"]
[BlackTeam "Alba"]
[WhiteFideId "438804"]
[BlackFideId "2409143"]
[EventDate "2023.11.11"]

1. e4 c5 2. Nf3 Nc6 3. d4 cxd4 4. Nxd4 Nf6 5. Nc3 e5 6. Ndb5 d6 7. Bg5 a6 8. Na3
b5 9. Bxf6 gxf6 10. Nd5 Bg7 11. Qh5 Ne7 12. Nxe7 Qxe7 13. c3 Qb7 14. Bd3 Be6 15.
O-O Rc8 16. Nc2 Bc4 17. Bxc4 bxc4 18. Qg4 Bh6 19. Nb4 Qd7 20. Qf3 Bg5 21. Nxa6
h5 22. h3 Qe6 23. Nb4 Rc5 24. Rfd1 h4 25. a4 O-O 26. a5 Ra8 27. a6 Ra7 28. Qg4
Qe7 29. g3 f5 30. Qxf5 Kf8 31. Rd5 Rcc7 32. Rb5 Qd8 33. Nd5 Rc5 34. Rb7 1-0

[Event "4NCL 2023-24"]
[Site "England ENG"]
[Date "2023.11.12"]
[Round "2.4"]
[Board "2"]
[White "Olson, Hamish"]
[Black "Royal, Shreyas"]
[Result "1/2-1/2"]
[WhiteTitle "FM"]
[BlackTitle "IM"]
[WhiteElo "2359"]
[BlackElo "2457"]
[WhiteTeam "Alba"]
[BlackTeam "Wood Green Youth"]
[WhiteFideId "2404257"]
[BlackFideId "448869"]
[EventDate "2023.11.11"]

1. d4 d5 2. c4 dxc4 3. Nf3 Nf6 4. e3 e6 5. Bxc4 c5 6. O-O Nc6 7. dxc5 Qxd1 8.
Rxd1 Bxc5 9. b3 O-O 10. Bb2 Be7 11. Nc3 a6 12. Bf1 b5 13. g3 Bb7 14. Bg2 Nb4 15.
Ne1 Bxg2 16. Kxg2 Rac8 17. Kf3 Rfd8 18. Rxd8+ Rxd8 19. Ke2 Ng4 20. a3 Nc6 21.
Nf3 Na5 22. b4 Nc4 23. Nd1 Nf6 24. Bd4 Ne4 25. a4 f6 26. axb5 axb5 27. Nc3 Nxc3+
28. Bxc3 e5 29. Ra7 Kf7 30. Nd2 Nd6 31. e4 Ke6 32. f3 Rc8 1/2-1/2

[Event "4NCL 2023-24"]
[Site "England ENG"]
[Date "2023.11.12"]
[Round "2.4"]
[Board "3"]
[White "Bazakutsa, Svyatoslav"]
[Black "Berry, Neil"]
[Result "1/2-1/2"]
[WhiteTitle "IM"]
[BlackTitle "FM"]
[WhiteElo "2462"]
[BlackElo "2263"]
[WhiteTeam "Wood Green Youth"]
[BlackTeam "Alba"]
[WhiteFideId "14198525"]
[BlackFideId "2400650"]
[EventDate "2023.11.11"]

1. c4 e6 2. Nf3 d5 3. e3 c5 4. cxd5 exd5 5. d4 Nf6 6. Bb5+ Nbd7 7. dxc5 a6 8.
Bxd7+ Bxd7 9. Nc3 Bxc5 10. Nxd5 Bb5 11. Nc3 Qxd1+ 12. Kxd1 Rd8+ 13. Bd2 Bd3 14.
Ne5 Be4 15. Ke2 Bxg2 16. Rhg1 Be4 17. Nxe4 Nxe4 18. Nd3 O-O 19. Nxc5 Nxc5 20.
Bb4 Rd5 21. Rac1 b6 22. Bxc5 bxc5 23. Rg4 Rfd8 24. Rc2 Rh5 25. Ra4 Rd6 26. b4
Kf8 27. bxc5 Rc6 28. h4 Rhxc5 29. Rxc5 Rxc5 30. Rxa6 Rc2+ 31. Kf3 h5 32. Ra7 Rc4
33. Kg3 Rg4+ 34. Kh3 Rc4 35. Ra3 Ke7 36. f3 g6 37. Kg3 Ke6 38. Ra6+ Ke7 39. e4
Rc1 40. a4 Rg1+ 41. Kh2 Ra1 42. Kg2 Ra3 43. a5 Ra1 44. Kg3 Rg1+ 45. Kf4 f6 46.
Ra8 Kf7 47. Ra7+ Ke6 48. Ra6+ Kf7 49. Rc6 Ra1 50. a6 Ra5 51. Rb6 g5+ 52. Kg3 Ra3
53. hxg5 fxg5 54. Rh6 g4 55. Rxh5 gxf3 56. Rh7+ Kf6 57. Ra7 Ke5 58. Ra8 Kd4 59.
Kf2 Kc5 60. e5 Kd5 61. e6 Kxe6 62. a7 1/2-1/2

[Event "4NCL 2023-24"]
[Site "England ENG"]
[Date "2023.11.12"]
[Round "2.4"]
[Board "4"]
[White "Gourlay, Iain"]
[Black "Derakhshani, Borna"]
[Result "1/2-1/2"]
[WhiteTitle "FM"]
[BlackTitle "FM"]
[WhiteElo "2307"]
[BlackElo "2355"]
[WhiteTeam "Alba"]
[BlackTeam "Wood Green Youth"]
[WhiteFideId "2401533"]
[BlackFideId "12518450"]
[EventDate "2023.11.11"]

1. Nf3 Nf6 2. g3 d5 3. Bg2 c6 4. O-O g6 5. b3 Bg7 6. Bb2 O-O 7. c4 Re8 8. d4 Qb6
9. Ne5 Rd8 10. cxd5 cxd5 11. Nc3 Qd6 12. Qc1 Bd7 13. Ba3 Qe6 14. Nd3 Bc6 15. Rd1
Na6 16. Nf4 Qd7 17. e4 Nxe4 18. Bxe4 dxe4 19. d5 Bb5 20. Nxb5 Qxb5 21. Bxe7 Rd7
22. d6 Nb4 23. a3 Nd3 24. Nxd3 exd3 25. Rb1 Bf8 26. Qc4 Qxc4 1/2-1/2

[Event "4NCL 2023-24"]
[Site "England ENG"]
[Date "2023.11.12"]
[Round "2.4"]
[Board "5"]
[White "Czopor, Maciej"]
[Black "McKay, Roderick M"]
[Result "1-0"]
[WhiteTitle "FM"]
[BlackTitle "IM"]
[WhiteElo "2359"]
[BlackElo "2179"]
[WhiteTeam "Wood Green Youth"]
[BlackTeam "Alba"]
[WhiteFideId "21805431"]
[BlackFideId "2400049"]
[EventDate "2023.11.11"]

1. e4 c5 2. Nf3 e6 3. d4 cxd4 4. Nxd4 Nc6 5. Nc3 Nf6 6. Be2 Qc7 7. Be3 a6 8. O-O
b5 9. Nxc6 dxc6 10. f4 Bb7 11. e5 Rd8 12. Qe1 Nd7 13. Qf2 g6 14. Ne4 Be7 15.
Rad1 c5 16. Nd6+ Bxd6 17. exd6 Qc8 18. f5 gxf5 19. Qh4 O-O 20. Bh6 Kh8 21. Bxf8
Rxf8 22. Rd3 Rg8 23. Rg3 Rxg3 24. hxg3 c4 25. Rf2 Bc6 26. g4 f6 27. gxf5 e5 28.
Bf3 Bxf3 29. gxf3 Qc5 30. Qh6 Qxd6 31. Rd2 1-0

[Event "4NCL 2023-24"]
[Site "England ENG"]
[Date "2023.11.12"]
[Round "2.4"]
[Board "6"]
[White "Shafi, Declan"]
[Black "Durak, Can"]
[Result "0-1"]
[BlackTitle "FM"]
[WhiteElo "2224"]
[BlackElo "2450"]
[WhiteTeam "Alba"]
[BlackTeam "Wood Green Youth"]
[WhiteFideId "2405156"]
[BlackFideId "44552971"]
[EventDate "2023.11.11"]

1. Nf3 d5 2. g3 Bg4 3. Bg2 Nd7 4. d4 c6 5. O-O Ngf6 6. c4 e6 7. b3 a5 8. Nc3 Bd6
9. Bb2 O-O 10. Re1 Re8 11. Rc1 dxc4 12. bxc4 e5 13. c5 Bc7 14. Nxe5 Nxe5 15.
dxe5 Bxe5 16. Qc2 Qe7 17. Na4 Rad8 18. Rb1 Bc8 19. Nb6 Bg4 20. e4 Bxb2 21. Rxb2
Nd5 22. Nxd5 Rxd5 23. Rc1 Rd4 24. f3 Bc8 25. Qc3 Qd8 26. Bf1 Re7 27. Bc4 Red7
28. Rcc2 h5 29. Qe3 Qe7 30. Be2 h4 31. Rb3 Qd8 32. Rcc3 Rd2 33. Ra3 Rxe2 34.
Qxe2 Rd1+ 35. Kf2 Rd2 36. Rd3 Rxe2+ 37. Kxe2 Qc7 38. Kf2 hxg3+ 39. hxg3 b6 40.
Rac3 Be6 41. Rd2 bxc5 42. Rxc5 Qa7 43. Rc2 Bxa2 44. Kg2 Bb3 45. R2c3 Ba4 46. e5
Bb5 47. f4 a4 48. Rc1 Qd7 49. R1c2 Qd4 50. R5c3 a3 51. Kh2 a2 0-1

[Event "4NCL 2023-24"]
[Site "England ENG"]
[Date "2023.11.12"]
[Round "2.4"]
[Board "7"]
[White "O'Donnell, Conor"]
[Black "Swanson, Stephen"]
[Result "1-0"]
[WhiteTitle "FM"]
[WhiteElo "2284"]
[BlackElo "2145"]
[WhiteTeam "Wood Green Youth"]
[BlackTeam "Alba"]
[WhiteFideId "2504243"]
[BlackFideId "2400251"]
[EventDate "2023.11.11"]

1. d4 d6 2. Nf3 g6 3. c4 Bg7 4. Nc3 Nc6 5. d5 Ne5 6. Nxe5 Bxe5 7. e4 Nf6 8. Qc2
c6 9. Bd3 O-O 10. Ne2 cxd5 11. exd5 Qb6 12. f4 Bd4 13. Nxd4 Qxd4 14. Qe2 Bf5 15.
Bxf5 gxf5 16. Be3 Qe4 17. O-O e6 18. dxe6 Rfe8 19. exf7+ Kxf7 20. Rae1 Re6 21.
Qd2 Rae8 22. b3 a6 23. Bf2 Qc6 24. Rxe6 Rxe6 25. Bh4 Ne4 26. Qd5 Qc5+ 27. Qxc5
Nxc5 28. Rd1 Ne4 29. Rd5 Nc3 30. Rxf5+ Kg6 31. Rg5+ Kf7 32. Rf5+ Kg6 33. Rg5+
Kf7 34. Kf1 Ne4 35. Rf5+ Kg6 36. Rd5 Kf7 37. Be1 Re8 38. Bb4 Ke6 39. g4 b6 40.
Rd4 Kd7 41. Kg2 a5 42. Ba3 a4 43. Kf3 Nc5 44. Bxc5 bxc5 45. Re4 Ra8 46. g5 axb3
47. axb3 Ra1 48. f5 1-0

[Event "4NCL 2023-24"]
[Site "England ENG"]
[Date "2023.11.12"]
[Round "2.4"]
[Board "8"]
[White "Lampard, Alice"]
[Black "Grigoryan, Meri"]
[Result "1/2-1/2"]
[BlackTitle "WFM"]
[WhiteElo "1844"]
[BlackElo "1977"]
[WhiteTeam "Alba"]
[BlackTeam "Wood Green Youth"]
[WhiteFideId "2402750"]
[BlackFideId "13300571"]
[EventDate "2023.11.11"]

1. d4 d5 2. c4 e5 3. dxe5 d4 4. Nf3 Nc6 5. a3 a5 6. Nbd2 Nge7 7. Nb3 Nf5 8. e3
dxe3 9. Qxd8+ Nxd8 10. fxe3 Be7 11. g3 h5 12. Bd2 a4 13. Nbd4 c6 14. Bd3 Nh6 15.
e4 Ne6 16. Nf5 Nc5 17. Bc2 Nxe4 18. Nxg7+ Kf8 19. Nxh5 Nxd2 20. Nxd2 Ng4 21. Nf4
Ra5 22. O-O-O Rxe5 23. Rdf1 Kg7 24. Nf3 Rc5 25. Nd2 Nxh2 26. Re1 Bg5 27. Re2
Bxf4 28. gxf4 Rch5 29. Rg2+ Kf8 30. Bd1 Rh4 31. Ne4 Be6 32. Nc5 Bf5 33. Nxb7 Be4
34. Rgxh2 Rxh2 35. Rxh2 Rxh2 36. Bxa4 Rf2 37. Nc5 Rxf4 38. Kd2 Bg2 39. Kc3 Ke7
40. Nd3 Rf5 41. Bc2 Rf1 42. Nc5 f5 43. Bd3 Rf2 44. a4 Bf1 45. a5 Bxd3 46. Nxd3
Rf1 47. Kd4 Kd6 48. b4 Ra1 49. Nf4 Rd1+ 50. Nd3 Ra1 51. Nf4 Ra4 52. Nd3 Ra3 53.
Nf4 Rb3 54. Nd3 f4 55. c5+ Kc7 56. Kc4 Rb1 57. Nxf4 Kb7 58. Ne6 Rc1+ 59. Kb3 Rd1
60. Kc4 Re1 61. Nd4 Re3 62. a6+ Kxa6 63. Nxc6 Re1 64. b5+ Kb7 65. Na5+ Ka7 66.
Nc6+ Kb7 67. Kd5 Rb1 68. Nd4 Rd1 69. Kc4 Rc1+ 70. Kb4 Rb1+ 71. Nb3 Rb2 72. Kc3
Rb1 73. Kc4 Rb2 74. Na5+ Kc7 75. Nb3 1/2-1/2

[Event "4NCL 2023-24"]
[Site "England ENG"]
[Date "2023.11.12"]
[Round "2.5"]
[Board "1"]
[White "Powierski, Emil"]
[Black "Gormally, Daniel W"]
[Result "1/2-1/2"]
[BlackTitle "GM"]
[WhiteElo "2288"]
[BlackElo "2415"]
[WhiteTeam "Oxford 1"]
[BlackTeam "Blackthorne"]
[WhiteFideId "4656199"]
[BlackFideId "406465"]
[EventDate "2023.11.11"]

1. e4 c5 2. c3 d5 3. exd5 Qxd5 4. d4 Nf6 5. Nf3 e6 6. Na3 Qd8 7. Nc4 Be7 8. Be3
cxd4 9. Nxd4 O-O 10. Bd3 Nbd7 11. Qf3 Nc5 12. Bc2 Qd5 13. Qxd5 Nxd5 14. Bd2 b6
15. a4 Ba6 16. Nb5 Rfc8 17. Ncd6 Rd8 18. Ne4 Bb7 19. f3 e5 20. Nxc5 Bxc5 21. Be4
Rd7 22. Bf5 Rdd8 23. Be4 Rd7 24. Bf5 Rdd8 1/2-1/2

[Event "4NCL 2023-24"]
[Site "England ENG"]
[Date "2023.11.12"]
[Round "2.5"]
[Board "2"]
[White "Ansell, Simon T"]
[Black "Macfarlane, Donald"]
[Result "1/2-1/2"]
[WhiteTitle "IM"]
[WhiteElo "2331"]
[BlackElo "2184"]
[WhiteTeam "Blackthorne"]
[BlackTeam "Oxford 1"]
[WhiteFideId "402141"]
[BlackFideId "343402100"]
[EventDate "2023.11.11"]

1. e4 e5 2. Nf3 d6 3. d4 Nf6 4. Nc3 Nbd7 5. Bc4 Be7 6. O-O O-O 7. a4 c6 8. Ba2
Qc7 9. Qe2 h6 10. Rd1 Nh5 11. h3 Ndf6 12. Nh4 g5 13. dxe5 dxe5 14. Nf5 Bxf5 15.
exf5 Nf4 16. Qf3 Rad8 17. Re1 Bb4 18. Bxf4 exf4 19. Ne4 Be7 20. c3 Nxe4 21. Qxe4
Bf6 22. Re2 Rd7 23. Rae1 Re7 24. Qc4 Rfe8 25. Rxe7 1/2-1/2

[Event "4NCL 2023-24"]
[Site "England ENG"]
[Date "2023.11.12"]
[Round "2.5"]
[Board "3"]
[White "Claridge-Hansen, William"]
[Black "Ledger, Andrew J"]
[Result "1/2-1/2"]
[WhiteTitle "FM"]
[BlackTitle "IM"]
[WhiteElo "2366"]
[BlackElo "2334"]
[WhiteTeam "Oxford 1"]
[BlackTeam "Blackthorne"]
[WhiteFideId "422509"]
[BlackFideId "400610"]
[EventDate "2023.11.11"]

1. c4 c5 2. g3 Nc6 3. Bg2 g6 4. Nc3 Bg7 5. Nf3 d6 6. O-O e6 7. e3 Nge7 8. d4 O-O
9. Re1 b6 10. b3 e5 11. Bb2 exd4 12. exd4 Bg4 13. Ne2 Rc8 14. h3 Bxf3 15. Bxf3
Nf5 16. Bg4 Qg5 17. Qc1 Qxc1 18. Raxc1 Rce8 19. Bxf5 gxf5 20. Rcd1 cxd4 21. Ba3
Re4 22. Kf1 Rfe8 23. Bxd6 Rd8 24. Bc7 Rd7 25. Bf4 d3 26. Nc1 Nb4 27. f3 Rxe1+
28. Kxe1 Bb2 29. Bd2 Bxc1 30. Bxb4 Be3 31. Bd2 Re7 32. Bxe3 Rxe3+ 33. Kf2 Re2+
34. Kg1 d2 35. Kf1 Rh2 36. Kg1 Re2 1/2-1/2

[Event "4NCL 2023-24"]
[Site "England ENG"]
[Date "2023.11.12"]
[Round "2.5"]
[Board "4"]
[White "Bates, Richard A"]
[Black "Zakarian, David"]
[Result "1-0"]
[WhiteTitle "IM"]
[BlackTitle "FM"]
[WhiteElo "2318"]
[BlackElo "2293"]
[WhiteTeam "Blackthorne"]
[BlackTeam "Oxford 1"]
[WhiteFideId "403555"]
[BlackFideId "13301276"]
[EventDate "2023.11.11"]

1. d4 Nf6 2. Nf3 e6 3. c4 d5 4. g3 Be7 5. Bg2 O-O 6. O-O c6 7. Qc2 b6 8. Nbd2
Nbd7 9. Rd1 Bb7 10. e4 Rc8 11. e5 Ne8 12. cxd5 cxd5 13. Qd3 Nc7 14. Nb1 a5 15.
Nc3 Ba6 16. Qe3 Nb5 17. Ne2 Qc7 18. Bd2 Qc2 19. Rab1 Na7 20. Nf4 Qf5 21. h4 Qe4
22. Qxe4 dxe4 23. Ng5 Bxg5 24. hxg5 Bb7 25. Be3 Rc2 26. d5 Nc8 27. Bxe4 Rc4 28.
dxe6 Bxe4 29. exd7 Bxb1 30. d8=Q 1-0